00000000nam 2200000zi 4500
0019.949907
003CaOODSP
00520250428153655
006m     o  d f      
007cr |n|||||||||
008250408e20160622quca    o    f000 0 eng d
040 |aCaOODSP|beng|erda|cCaOODSP
043 |an-cn---
0861 |aP24-891/2016E-PDF
24500|aEvaluation of the Language Portal of Canada : |bfinal report / |cOffice of Audit and Evaluation.
264 1|a[Gatineau, Québec] : |bPublic Works and Government Services Canada = Travaux publics et services gouvernementaux Canada, |cJune 22, 2016.
300 |a1 online resource (ii, 46 pages) : |bfigure
336 |atext|btxt|2rdacontent
337 |acomputer|bc|2rdamedia
338 |aonline resource|bcr|2rdacarrier
500 |aIssued also in French under title: Évaluation du Portail linguistique du Canada : rapport final.
61010|aCanada. |bPublic Services and Procurement Canada|xProcurement|xEvaluation.
650 0|aBilingualism|zCanada|xEvaluation.
650 5|aFederal aid to linguistic minorities|zCanada|xEvaluation.
7101 |aCanada. |bPublic Works and Government Services Canada, |eissuing body.
77508|tÉvaluation du Portail linguistique du Canada : |w(CaOODSP)9.949906
85640|qPDF|s653 KB|uhttps://publications.gc.ca/collections/collection_2025/spac-pspc/P24-891-2016-eng.pdf